000 00899nam a2200253 a 4500
001 26126
003 CO-ViMGA
005 20230915232148.0
008 141112s2004 ck r 000 u spa d
020 _a987114296X
040 _aCO-ViMGA
_bspa
_cCO-ViMGA
041 _aspa
082 0 4 _a155.4 R67n
100 1 _aRosales Beba, Glady Emma.
_940790
245 1 0 _aNiño - escuela y juegos tradicionales :
_b(desde una perspectiva psico - antropológica y estética) /
_cGlady Emma Rosales Beba.
260 _aCórdoba :
_bBrujas,
_c2006.
300 _a104 p. : il. ; 21 cm.
490 _aPsicología
504 _aIncluye bibliografía.
650 1 4 _aPsicología infantil.
_91631
942 _2ddc
_cBK
949 _an n
999 _c33346
_d33346